La belle dame sans merci
Guardat en:
| Autors principals: | , |
|---|---|
| Format: | Llibre |
| Idioma: | espanyol |
| Publicat: |
Valparaíso
Universidad Católica de Valparaíso. Escuela de Arquitectura
1900
|
| Matèries: | |
| Etiquetes: |
Afegir etiqueta
Sense etiquetes, Sigues el primer a etiquetar aquest registre!
|
MARC
| LEADER | 00000nam a2200000 a 4500 | ||
|---|---|---|---|
| 001 | UCZ3198 | ||
| 003 | CL-VaPUC | ||
| 008 | 951020e19000000CL |||||||||||||||||spa|d | ||
| 082 | 0 | 4 | |a Ch861 |b IOM |2 21 |
| 100 | |a Iommi Amunátegui, Godofredo Tomás |e autor |9 604202 | ||
| 700 | 0 | |a Schiavetti Rosas, Mauricio Eugenio |e author |9 347009 | |
| 245 | 1 | 3 | |a La belle dame sans merci |
| 300 | |a 13 p | ||
| 942 | |c BK | ||
| 945 | |d 19951020 00:00:00 |a rleighto | ||
| 260 | |a Valparaíso |b Universidad Católica de Valparaíso. Escuela de Arquitectura |c 1900 | ||
| 650 | 0 | |a Poesías chilenas |9 265280 | |
| 583 | |a last modification |c 19951020 00:00:00 |k Rodrigo Vera | ||
| 999 | |c 239697 |d 239695 | ||
| 952 | |0 0 |1 0 |4 0 |6 CH_861_000000000000000_IOM_1900 |7 0 |8 A |9 251007 |a BIBART |b BIBART |d 2019-11-18 |i 3141608 |o Ch861 IOM 1900 |p 3141608 |r 2025-03-13 |w 2019-11-18 |y BK |k ART | ||